[Event "Qingdao SCO Teams 5th"]
[Site "Qingdao"]
[Date "2023.12.18"]
[Round "8.1"]
[White "Batchuluun, Tsegmed"]
[Black "Gong, Sunle"]
[Result "1-0"]
[WhiteElo "2458"]
[BlackElo "2175"]
[PlyCount "125"]
[EventDate "2023.12.17"]
[EventType "team-tourn (rapid)"]
[EventRounds "9"]
[EventCountry "CHN"]
[SourceTitle "CB52_2023"]
[SourceDate "2023.12.27"]
[SourceVersion "1"]
[SourceVersionDate "2023.12.27"]
[SourceQuality "1"]
[WhiteTeam "Mongolia"]
[BlackTeam "China Shanghai"]
[WhiteTeamCountry "MGL"]
[BlackTeamCountry "CHN"]

1. d4 d5 2. c4 e6 3. Nf3 Nf6 4. g3 Bb4+ 5. Bd2 Be7 6. Bg2 0-0 7. 0-0 c6 8. Qc2 Nbd7 9. Bf4 b6 10. Rd1 Bb7 11. Ne5 Nh5 12. Bd2 Nhf6 13. Bf4 Nh5 14. Bd2 Nhf6 15. cxd5 cxd5 16. Nc6 Bxc6 17. Qxc6 Rc8 18. Qb5 Ne8 19. e3 Nd6 20. Qe2 Nf6 21. Nc3 Qd7 22. Rac1 Rfd8 23. Be1 Nfe4 24. Nxe4 Nxe4 25. Bf1 Nd6 26. Qa6 h5 27. a4 Rc7 28. Rxc7 Qxc7 29. Bd3 Ne4 30. a5 Rb8 31. b4 h4 32. Kg2 Bd6 33. axb6 Rxb6 34. Qa4 g6 35. Ra1 Qb8 36. b5 Rb7 37. Rc1 Bc7 38. Rc6 hxg3 39. hxg3 Nd6 40. Qc2 Kg7 41. Bd2 Bd8 42. Bb4 Nc4 43. Bxc4 dxc4 44. Bd6 Bc7 45. Bxc7 Rxc7 46. Qxc4 Rb7 47. Rc8 Qd6 48. Qc6 Qxc6+ 49. bxc6 Rb4 50. Kf3 Kf6 51. Ke4 Rb3 52. f4 Rc3 53. g4 g5 54. fxg5+ Kxg5 55. Ke5 a5 56. c7 f6+ 57. Kxe6 Rxe3+ 58. Kd6 Rc3 59. Rg8+ Kf4 60. c8Q Rxc8 61. Rxc8 a4 62. Ke6 Kxg4 63. Kxf6 1-0

[Event "Qingdao SCO Teams 5th"]
[Site "Qingdao"]
[Date "2023.12.17"]
[Round "2.1"]
[White "Batchuluun, Tsegmed"]
[Black "Tulendinov, Dinmukhammed"]
[Result "1-0"]
[WhiteElo "2458"]
[BlackElo "2303"]
[PlyCount "77"]
[EventDate "2023.12.17"]
[EventType "team-tourn (rapid)"]
[EventRounds "9"]
[EventCountry "CHN"]
[SourceTitle "CB52_2023"]
[SourceDate "2023.12.27"]
[SourceVersion "1"]
[SourceVersionDate "2023.12.27"]
[SourceQuality "1"]
[WhiteTeam "Mongolia"]
[BlackTeam "Kazakhstan"]
[WhiteTeamCountry "MGL"]
[BlackTeamCountry "KAZ"]

1. d4 d5 2. c4 c6 3. Nf3 Nf6 4. e3 e6 5. b3 b6 6. Bd3 Bb7 7. Bb2 Nbd7 8. Nbd2 Be7 9. e4 dxe4 10. Nxe4 Nxe4 11. Bxe4 Nf6 12. Bc2 Bb4+ 13. Kf1 Be7 14. h4 Qc7 15. Qe2 Rd8 16. Rd1 c5 17. Rh3 Nh5 18. Qe3 Bf6 19. Ne5 cxd4 20. Rxd4 Rxd4 21. Bxd4 Be7 22. g4 Nf6 23. h5 h6 24. f4 Bc5 25. Bxc5 Qxc5 26. Qxc5 bxc5 27. Rd3 Be4 28. Rd2 Bxc2 29. Rxc2 Nd7 30. Nc6 0-0 31. Nxa7 e5 32. Rd2 Nf6 33. fxe5 Nxg4 34. Nc6 g6 35. a4 gxh5 36. a5 Kg7 37. a6 Ra8 38. a7 Nxe5 39. Rd8 1-0

[Event "Qingdao SCO Teams 5th"]
[Site "Qingdao"]
[Date "2023.12.17"]
[Round "5.1"]
[White "Wang, Tongsen"]
[Black "Batchuluun, Tsegmed"]
[Result "1/2-1/2"]
[WhiteElo "2395"]
[BlackElo "2458"]
[PlyCount "48"]
[EventDate "2023.12.17"]
[EventType "team-tourn (rapid)"]
[EventRounds "9"]
[EventCountry "CHN"]
[SourceTitle "CB52_2023"]
[SourceDate "2023.12.27"]
[SourceVersion "1"]
[SourceVersionDate "2023.12.27"]
[SourceQuality "1"]
[WhiteTeam "China SCO"]
[BlackTeam "Mongolia"]
[WhiteTeamCountry "CHN"]
[BlackTeamCountry "MGL"]

1. e4 e5 2. Nf3 Nc6 3. Bb5 Nf6 4. 0-0 Nxe4 5. Re1 Nd6 6. Nxe5 Be7 7. Bf1 Nxe5 8. Rxe5 0-0 9. d4 Bf6 10. Re1 Re8 11. c3 Rxe1 12. Qxe1 Nf5 13. Bf4 g6 14. Nd2 d5 15. Be5 Be6 16. Nf3 Bxe5 17. Qxe5 Qd6 18. Qxd6 Nxd6 19. Re1 Re8 20. Bd3 f6 21. Kf1 Kf7 22. Re2 Bf5 23. Bxf5 Nxf5 24. Rxe8 Kxe8 1/2-1/2

[Event "Belt and Road op 3rd"]
[Site "Qinhuangdao"]
[Date "2023.11.19"]
[Round "1"]
[White "Mi, Qian"]
[Black "Batchuluun, Tsegmed"]
[Result "1/2-1/2"]
[WhiteElo "2120"]
[BlackElo "2455"]
[PlyCount "91"]
[EventDate "2023.11.19"]
[EventType "swiss"]
[EventRounds "9"]
[EventCountry "CHN"]
[SourceTitle "CB48_2023"]
[SourceDate "2023.11.29"]
[SourceVersion "1"]
[SourceVersionDate "2023.11.29"]
[SourceQuality "1"]

1. d4 Nf6 2. Bf4 c5 3. e3 Qb6 4. Nc3 e6 5. Nf3 a6 6. a3 d5 7. Be2 Bd7 8. Rb1 Bd6 9. Ne5 Qc7 10. 0-0 cxd4 11. exd4 Nc6 12. Nxd7 Nxd7 13. Bxd6 Qxd6 14. Bd3 0-0 15. Qh5 g6 16. Qh4 Qe7 17. Qf4 Qf6 18. Qxf6 Nxf6 19. Ne2 Rfc8 20. c3 Na5 21. h3 b5 22. f3 Rab8 23. b3 Ne8 24. Kf2 Nd6 25. Ke3 h5 26. g4 hxg4 27. hxg4 Kg7 28. Rh1 Rh8 29. Bc2 Nc6 30. Bd3 a5 31. Nf4 Rxh1 32. Rxh1 b4 33. axb4 axb4 34. c4 dxc4 35. bxc4 e5 36. dxe5 Nxe5 37. c5 Ndc4+ 38. Bxc4 Nxc4+ 39. Kd4 Na3 40. Rh2 Rd8+ 41. Nd5 Nb5+ 42. Kc4 Na3+ 43. Kd4 Nb5+ 44. Kc4 Na3+ 45. Kd4 Nb5+ 46. Ke4 1/2-1/2

[Event "Asian Games tt"]
[Site "Hangzhou"]
[Date "2023.09.29"]
[Round "1.2"]
[White "Batchuluun, Tsegmed"]
[Black "Praggnanandhaa, Rameshbabu"]
[Result "0-1"]
[WhiteElo "2449"]
[BlackElo "2727"]
[PlyCount "82"]
[EventDate "2023.09.29"]
[EventType "team-tourn"]
[EventRounds "9"]
[EventCountry "CHN"]
[SourceTitle "EXT 2024"]
[Source "ChessBase"]
[SourceDate "2023.10.10"]
[SourceVersion "1"]
[SourceVersionDate "2023.10.10"]
[SourceQuality "1"]
[WhiteTeam "Mongolia"]
[BlackTeam "India"]
[WhiteTeamCountry "MGL"]
[BlackTeamCountry "IND"]

1. d4 Nf6 2. c4 e6 3. Nf3 d5 4. g3 Bb4+ 5. Bd2 Bd6 6. Bg2 c6 7. Nc3 0-0 8. b3 Ne4 9. Nxe4 dxe4 10. Ng5 f5 11. Nh3 c5 12. Bc3 Qe7 13. dxc5 Bxc5 14. 0-0 Nc6 15. Qc2 e5 16. Kh1 Be6 17. e3 a5 18. Ng1 a4 19. Qe2 Bb4 20. Qc2 Rfd8 21. Rfd1 Bxc3 22. Qxc3 Qa3 23. Rxd8+ Rxd8 24. f3 Rd3 25. Qe1 exf3 26. Nxf3 h6 27. Bf1 Rd8 28. Rd1 Rxd1 29. Qxd1 Qxa2 30. bxa4 Bxc4 31. Qd7 Bf7 32. Qxb7 Qc2 33. Kg1 Qe4 34. Kf2 Bd5 35. Nh4 Kh7 36. Qd7 Qc2+ 37. Be2 Be4 38. Qd6 Ne7 39. a5 f4 40. exf4 Nd5 41. Qxe5 Nc3 0-1

[Event "Asian Continental op 20th"]
[Site "Almaty"]
[Date "2023.06.11"]
[Round "9"]
[White "Nurgaliyev, Sauat"]
[Black "Batchuluun, Tsegmed"]
[Result "1/2-1/2"]
[WhiteElo "2319"]
[BlackElo "2471"]
[PlyCount "53"]
[EventDate "2023.06.04"]
[EventType "swiss"]
[EventRounds "9"]
[EventCountry "KAZ"]
[SourceTitle "CBM 214 Extra"]
[Source "ChessBase"]
[SourceDate "2023.07.31"]
[SourceVersion "1"]
[SourceVersionDate "2023.07.31"]
[SourceQuality "1"]

1. e4 e5 2. Nf3 Nc6 3. Nc3 Nf6 4. d4 exd4 5. Nxd4 Bb4 6. Nxc6 bxc6 7. Bd3 d5 8. Bd2 Bxc3 9. Bxc3 dxe4 10. Bc4 0-0 11. Qd4 Qxd4 12. Bxd4 Re8 13. Bb3 Nd5 14. 0-0-0 a5 15. Ba4 Bb7 16. Rhe1 Rad8 17. c3 Re6 18. Bc2 Rde8 19. c4 Nb6 20. Bxb6 cxb6 21. Rxe4 Kf8 22. Rxe6 Rxe6 23. Rd8+ Re8 24. Rd7 Re7 25. Rd8+ Re8 26. Rd7 Re7 27. Rd8+ 1/2-1/2

[Event "Asian Continental op 20th"]
[Site "Almaty"]
[Date "2023.06.09"]
[Round "7"]
[White "Nugumanov, Bakhtiyar"]
[Black "Batchuluun, Tsegmed"]
[Result "1/2-1/2"]
[WhiteElo "2316"]
[BlackElo "2471"]
[PlyCount "57"]
[EventDate "2023.06.04"]
[EventType "swiss"]
[EventRounds "9"]
[EventCountry "KAZ"]
[SourceTitle "CBM 214 Extra"]
[Source "ChessBase"]
[SourceDate "2023.07.31"]
[SourceVersion "1"]
[SourceVersionDate "2023.07.31"]
[SourceQuality "1"]

1. e4 e5 2. Nf3 Nc6 3. Bc4 Bc5 4. 0-0 Nf6 5. d3 h6 6. c3 0-0 7. Bb3 d5 8. exd5 Nxd5 9. Re1 Nb6 10. Nxe5 Nxe5 11. Rxe5 Bxf2+ 12. Kh1 Be6 13. Qf3 Nd7 14. Re2 Bb6 15. d4 Bxb3 16. axb3 Re8 17. Rxe8+ Qxe8 18. Be3 c5 19. Nd2 cxd4 20. cxd4 Rd8 21. Nc4 Nf6 22. Qxb7 Ng4 23. Bg1 Bxd4 24. Bxd4 Rxd4 25. Qxa7 Qd8 26. h3 Rd1+ 27. Rxd1 Qxd1+ 28. Qg1 Nf2+ 29. Kh2 1/2-1/2

[Event "Dubai op-A 23rd"]
[Site "Dubai"]
[Date "2023.06.03"]
[Round "8"]
[White "Batchuluun, Tsegmed"]
[Black "Sviridov, Valery"]
[Result "1/2-1/2"]
[WhiteElo "2466"]
[BlackElo "2545"]
[PlyCount "114"]
[EventDate "2023.05.27"]
[EventType "swiss"]
[EventRounds "9"]
[EventCountry "UAE"]
[SourceTitle "CBM 214 Extra"]
[Source "ChessBase"]
[SourceDate "2023.07.31"]
[SourceVersion "1"]
[SourceVersionDate "2023.07.31"]
[SourceQuality "1"]

1. d4 Nf6 2. c4 e6 3. Nf3 d5 4. g3 Be7 5. Bg2 0-0 6. 0-0 dxc4 7. Qc2 a6 8. a4 Nc6 9. Qxc4 Qd5 10. Qxd5 exd5 11. Bf4 Na5 12. Nbd2 c6 13. h3 Bb4 14. g4 Re8 15. e3 h5 16. gxh5 Nxh5 17. Bc7 f6 18. Bxa5 Bxa5 19. Nb3 Bc7 20. a5 Kf7 21. Nc5 g5 22. Rfe1 Bd6 23. b4 Re7 24. Kf1 Bf5 25. Ra3 Rh8 26. Ng1 Ng7 27. Rc1 Bc8 28. Rac3 Ne6 29. Nxe6 Bxe6 30. Rb3 Kg6 31. Ke2 Bh2 32. Nf3 Bxh3 33. Bxh3 Rxh3 34. Rh1 Reh7 35. Ne1 g4 36. Nd3 Bd6 37. Rg1 f5 38. Rbb1 Kg5 39. Rg2 f4 40. exf4+ Bxf4 41. Rbg1 R7h4 42. Nc5 Ra3 43. Nxb7 Ra2+ 44. Kf1 Bh2 45. f4+ Kxf4 46. Rxa2 Bxg1 47. Kxg1 g3 48. Nc5 Kg4 49. Nxa6 Kh3 50. Rd2 Re4 51. Rd1 Re2 52. Nc5 Rg2+ 53. Kh1 Rh2+ 54. Kg1 Rg2+ 55. Kh1 Rh2+ 56. Kg1 Rg2+ 57. Kh1 Rh2+ 1/2-1/2

[Event "Dubai op-A 23rd"]
[Site "Dubai"]
[Date "2023.05.27"]
[Round "1"]
[White "Batchuluun, Tsegmed"]
[Black "Matlakov, Maxim"]
[Result "0-1"]
[WhiteElo "2466"]
[BlackElo "2662"]
[PlyCount "94"]
[EventDate "2023.05.27"]
[EventType "swiss"]
[EventRounds "9"]
[EventCountry "UAE"]
[SourceTitle "CBM 214 Extra"]
[Source "ChessBase"]
[SourceDate "2023.07.31"]
[SourceVersion "1"]
[SourceVersionDate "2023.07.31"]
[SourceQuality "1"]

1. d4 Nf6 2. c4 e6 3. Nf3 d5 4. g3 Bb4+ 5. Bd2 Be7 6. Bg2 c6 7. Qc2 Nbd7 8. 0-0 Ne4 9. Nc3 f5 10. Rad1 Nxd2 11. Nxd2 0-0 12. e3 Bd6 13. c5 Bc7 14. f4 g5 15. Nf3 gxf4 16. gxf4 Kh8 17. Ne5 Bxe5 18. fxe5 b6 19. cxb6 axb6 20. Rf3 Ba6 21. Kh1 Rg8 22. Qf2 Qe7 23. Rg1 Bd3 24. Rg3 Rxg3 25. Qxg3 Rg8 26. Qf2 b5 27. Bf3 Rxg1+ 28. Qxg1 b4 29. Ne2 Bxe2 30. Bxe2 c5 31. Bb5 Nf8 32. b3 Ng6 33. Qg3 Kg7 34. Be2 cxd4 35. exd4 Qa7 36. Qg5 Qxd4 37. Bh5 Qa1+ 38. Kg2 Qxa2+ 39. Kf1 Qa1+ 40. Kg2 Qb2+ 41. Kf1 Qb1+ 42. Kf2 Qc2+ 43. Kf1 Qd3+ 44. Ke1 Qc3+ 45. Kf2 Qd4+ 46. Kf3 Qe4+ 47. Kf2 Qf4+ 0-1

[Event "Asia zt 3.3"]
[Site "Jakarta"]
[Date "2023.05.08"]
[Round "4"]
[White "Batchuluun, Tsegmed"]
[Black "Arfan, Aditya Bagus"]
[Result "1/2-1/2"]
[WhiteElo "2466"]
[BlackElo "2408"]
[PlyCount "42"]
[EventDate "2023.05.06"]
[EventType "swiss"]
[EventRounds "9"]
[EventCountry "INA"]
[SourceTitle "CBM 214 Extra"]
[Source "ChessBase"]
[SourceDate "2023.07.31"]
[SourceVersion "1"]
[SourceVersionDate "2023.07.31"]
[SourceQuality "1"]

1. d4 d5 2. c4 c6 3. Nf3 Nf6 4. e3 Bf5 5. Nc3 e6 6. Nh4 Bg6 7. Be2 Nbd7 8. Bd2 Bd6 9. Nxg6 hxg6 10. Qb3 Rb8 11. h3 0-0 12. cxd5 exd5 13. 0-0 Qe7 14. Rfe1 b5 15. Bf3 Ne4 16. Nxe4 dxe4 17. Bg4 Nf6 18. Be2 Nd7 19. Bg4 Nf6 20. Be2 Nd7 21. Bg4 Nf6 1/2-1/2

[Event "Asian Continental Blitz op 19th"]
[Site "Delhi"]
[Date "2022.11.03"]
[Round "3"]
[White "Batchuluun, Tsegmed"]
[Black "Saravana, Krishnan P"]
[Result "1-0"]
[WhiteElo "2481"]
[BlackElo "2197"]
[PlyCount "67"]
[EventDate "2022.11.03"]
[EventType "swiss (blitz)"]
[EventRounds "9"]
[EventCountry "IND"]
[SourceTitle "EXT 2024"]
[Source "ChessBase"]
[SourceDate "2023.10.10"]
[SourceVersion "1"]
[SourceVersionDate "2023.10.10"]
[SourceQuality "1"]

1. d4 Nf6 2. c4 Nc6 3. Nf3 e6 4. g3 Bb4+ 5. Bd2 d5 6. Qc2 a5 7. Bg2 0-0 8. 0-0 Ne4 9. Bf4 Bd6 10. Bxd6 Qxd6 11. Nc3 Nxc3 12. Qxc3 dxc4 13. Qxc4 e5 14. d5 Ne7 15. Nd2 b5 16. Qxb5 Ba6 17. Qa4 Bxe2 18. Rfe1 Bd3 19. Re3 Ba6 20. Rae1 Ng6 21. Ne4 Qb4 22. Qc2 Qc4 23. Rc1 Qd4 24. b3 f5 25. Nc5 f4 26. Re4 fxg3 27. Rxd4 gxf2+ 28. Kh1 exd4 29. Nxa6 Rxa6 30. Rf1 Ne5 31. Rxf2 Rxf2 32. Qxf2 d3 33. Qd4 Ng4 34. Qxg4 1-0

[Event "Asian Continental op 19th"]
[Site "Delhi"]
[Date "2022.10.28"]
[Round "3"]
[White "Batchuluun, Tsegmed"]
[Black "Mendonca, Leon Luke"]
[Result "0-1"]
[WhiteElo "2487"]
[BlackElo "2558"]
[PlyCount "98"]
[EventDate "2022.10.26"]
[EventType "swiss"]
[EventRounds "9"]
[EventCountry "IND"]
[SourceTitle "EXT 2024"]
[Source "ChessBase"]
[SourceDate "2023.10.10"]
[SourceVersion "1"]
[SourceVersionDate "2023.10.10"]
[SourceQuality "1"]

1. d4 Nf6 2. c4 e6 3. Nf3 a6 4. Nc3 d5 5. cxd5 exd5 6. Bg5 Be6 7. e3 Nbd7 8. Bd3 Bd6 9. 0-0 c6 10. Bf4 Qc7 11. Bxd6 Qxd6 12. Qc2 0-0 13. h3 Rfe8 14. Rfe1 g6 15. Rac1 Nh5 16. Na4 Ng7 17. Nc5 Nxc5 18. dxc5 Qe7 19. Nd4 Qg5 20. Kh2 Bf5 21. Bxf5 Nxf5 22. Nxf5 gxf5 23. Qd2 Re4 24. f3 Re6 25. Rc3 Rae8 26. Qd4 Rg6 27. Rg1 Qg3+ 28. Kh1 Rge6 29. Rb3 R8e7 30. Rd1 h6 31. Rf1 Kh7 32. Rc3 Qg7 33. Qf4 Qg5 34. h4 Qxf4 35. exf4 Re2 36. Rb3 Rc2 37. Kh2 Ree2 38. Rg1 Rxb2 39. Kh3 Rxb3 40. axb3 Rb2 41. g4 Rxb3 42. gxf5 h5 43. f6 Rxf3+ 44. Kh2 Rxf4 45. Rg7+ Kh6 46. Rxf7 Rxh4+ 47. Kg3 Rg4+ 48. Kf3 Kg5 49. Rxb7 Rf4+ 0-1

[Event "Bikaner op 1st"]
[Site "Bikaner"]
[Date "2022.10.07"]
[Round "8"]
[White "Batchuluun, Tsegmed"]
[Black "Gupta, Abhijeet"]
[Result "1/2-1/2"]
[WhiteElo "2487"]
[BlackElo "2607"]
[PlyCount "104"]
[EventDate "2022.10.01"]
[EventType "swiss"]
[EventRounds "10"]
[EventCountry "IND"]
[SourceTitle "CBM 210 Extra"]
[Source "ChessBase"]
[SourceDate "2022.11.30"]
[SourceVersion "1"]
[SourceVersionDate "2022.11.30"]
[SourceQuality "1"]

1. d4 d5 2. c4 c6 3. cxd5 cxd5 4. Bf4 Nc6 5. e3 Nf6 6. Nc3 a6 7. Bd3 Bg4 8. Nge2 e6 9. 0-0 Bd6 10. Bxd6 Qxd6 11. Rc1 0-0 12. h3 Bh5 13. Qd2 Bg6 14. Nf4 Rac8 15. Bxg6 hxg6 16. Nd3 g5 17. f3 Rc7 18. Ne2 Rfc8 19. Rc3 Ne7 20. Rfc1 Rxc3 21. Rxc3 Rxc3 22. Qxc3 Nd7 23. Qb4 Qxb4 24. Nxb4 Kf8 25. Kf2 Nc8 26. Nd3 Ke7 27. Nc3 f6 28. Ke2 Kd6 29. b3 Ne7 30. Kf2 Nc6 31. Ke2 e5 32. dxe5+ Ndxe5 33. Kd2 Nxd3 34. Kxd3 Ke5 35. g3 Nb4+ 36. Kd2 d4 37. exd4+ Kxd4 38. a3 Nc6 39. Ne2+ Kd5 40. Kd3 b5 41. f4 gxf4 42. Nxf4+ Ke5 43. a4 g5 44. axb5 axb5 45. Ne2 Nb4+ 46. Ke3 Nd5+ 47. Kd3 f5 48. Ng1 g4 49. hxg4 fxg4 50. Ne2 Nb4+ 51. Kc3 Nd5+ 52. Kd3 Nb4+ 1/2-1/2

[Event "Bikaner op 1st"]
[Site "Bikaner"]
[Date "2022.10.05"]
[Round "6"]
[White "Nguyen, Duc Hoa"]
[Black "Batchuluun, Tsegmed"]
[Result "1-0"]
[WhiteElo "2360"]
[BlackElo "2487"]
[PlyCount "89"]
[EventDate "2022.10.01"]
[EventType "swiss"]
[EventRounds "10"]
[EventCountry "IND"]
[SourceTitle "CBM 210 Extra"]
[Source "ChessBase"]
[SourceDate "2022.11.30"]
[SourceVersion "1"]
[SourceVersionDate "2022.11.30"]
[SourceQuality "1"]

1. e4 e5 2. Nf3 Nc6 3. d4 exd4 4. Nxd4 Nf6 5. Nxc6 bxc6 6. e5 Qe7 7. Qe2 Nd5 8. Nd2 a5 9. g3 g6 10. c4 Ba6 11. Ne4 Bg7 12. Bg5 Qb4+ 13. Qd2 Bxe5 14. 0-0-0 Qxd2+ 15. Rxd2 Nb6 16. Nf6+ Bxf6 17. Re2+ Kf8 18. Bxf6 Rg8 19. b3 d5 20. Bg2 Nd7 21. Bb2 a4 22. Rhe1 axb3 23. axb3 Rd8 24. Bh3 f6 25. Be6 Rg7 26. Ba3+ c5 27. Bxd5 Bc8 28. f4 h5 29. h4 Rh7 30. Kc2 Kg7 31. Re7+ Kh6 32. Bc1 Rxe7 33. Rxe7 Nb6 34. f5+ g5 35. Be6 Rf8 36. Rxc7 Bxe6 37. fxe6 Kg6 38. hxg5 fxg5 39. Rc6 Rf2+ 40. Bd2 Nxc4 41. bxc4 h4 42. Rxc5 Kf6 43. Rxg5 hxg3 44. Rxg3 Kxe6 45. Rd3 1-0

[Event "Bikaner op 1st"]
[Site "Bikaner"]
[Date "2022.10.04"]
[Round "5"]
[White "Batchuluun, Tsegmed"]
[Black "Omidi, Arya"]
[Result "1/2-1/2"]
[WhiteElo "2487"]
[BlackElo "2321"]
[PlyCount "92"]
[EventDate "2022.10.01"]
[EventType "swiss"]
[EventRounds "10"]
[EventCountry "IND"]
[SourceTitle "CBM 210 Extra"]
[Source "ChessBase"]
[SourceDate "2022.11.30"]
[SourceVersion "1"]
[SourceVersionDate "2022.11.30"]
[SourceQuality "1"]

1. d4 Nf6 2. c4 e6 3. Nf3 Bb4+ 4. Bd2 Be7 5. g3 d5 6. Bg2 0-0 7. 0-0 c6 8. Qc2 b6 9. Bf4 Nbd7 10. Rd1 Bb7 11. Ne5 Rc8 12. Nc3 Nxe5 13. dxe5 Nd7 14. cxd5 cxd5 15. e4 d4 16. Rxd4 Qc7 17. Rad1 Nxe5 18. Qa4 Bc6 19. Nb5 Bxb5 20. Qxb5 Bf6 21. Rd7 Qb8 22. h4 h6 23. b4 g5 24. hxg5 hxg5 25. Bxe5 Qxe5 26. Qxe5 Bxe5 27. Rxa7 Rfd8 28. Rxd8+ Rxd8 29. Bf3 Rc8 30. Bh5 Rc7 31. Rxc7 Bxc7 32. a4 Bd6 33. a5 bxa5 34. bxa5 f5 35. exf5 exf5 36. Kf1 f4 37. g4 Kf8 38. Ke2 Bc5 39. f3 Ke7 40. Kd3 Kd6 41. Kc4 Ba7 42. Bg6 Bf2 43. Be4 Be3 44. a6 Bf2 45. Bb7 Be3 46. Kd3 Ke5 1/2-1/2

[Event "Bikaner op 1st"]
[Site "Bikaner"]
[Date "2022.10.03"]
[Round "4"]
[White "Mayank, Chakraborty"]
[Black "Batchuluun, Tsegmed"]
[Result "0-1"]
[WhiteElo "2203"]
[BlackElo "2487"]
[PlyCount "88"]
[EventDate "2022.10.01"]
[EventType "swiss"]
[EventRounds "10"]
[EventCountry "IND"]
[SourceTitle "CBM 210 Extra"]
[Source "ChessBase"]
[SourceDate "2022.11.30"]
[SourceVersion "1"]
[SourceVersionDate "2022.11.30"]
[SourceQuality "1"]

1. e4 e5 2. Nf3 Nc6 3. Bb5 Nf6 4. 0-0 Nxe4 5. Re1 Nd6 6. Nxe5 Nxe5 7. Rxe5+ Be7 8. Bf1 0-0 9. d4 Bf6 10. Re1 Re8 11. c3 Rxe1 12. Qxe1 Ne8 13. d5 d6 14. Nd2 Bf5 15. Ne4 Be7 16. Bd3 Bg6 17. c4 Nf6 18. Bd2 Qd7 19. Bc3 Nxe4 20. Bxe4 Re8 21. Bxg6 hxg6 22. Qd2 Bf6 23. Re1 Rxe1+ 24. Qxe1 Qa4 25. Bxf6 gxf6 26. Qe2 Qxa2 27. h4 Kg7 28. Qc2 a5 29. Qc3 Qb1+ 30. Kh2 Qf1 31. Qd4 Qe2 32. f4 a4 33. Kh3 b5 34. cxb5 Qxb5 35. g4 Qc5 36. Qd2 Qg1 37. g5 f5 38. Qc3+ Kg8 39. Qc4 Qg4+ 40. Kh2 Qxh4+ 41. Kg2 Qe1 42. Qxa4 Qd2+ 43. Kg3 Qd3+ 44. Kh4 Qf3 0-1

[Event "Bikaner op 1st"]
[Site "Bikaner"]
[Date "2022.10.01"]
[Round "1"]
[White "Batchuluun, Tsegmed"]
[Black "Sultana, Sharmin Shirin"]
[Result "1-0"]
[WhiteElo "2487"]
[BlackElo "1971"]
[PlyCount "59"]
[EventDate "2022.10.01"]
[EventType "swiss"]
[EventRounds "10"]
[EventCountry "IND"]
[SourceTitle "CBM 210 Extra"]
[Source "ChessBase"]
[SourceDate "2022.11.30"]
[SourceVersion "1"]
[SourceVersionDate "2022.11.30"]
[SourceQuality "1"]

1. d4 d5 2. c4 e6 3. Nf3 Nf6 4. g3 Be7 5. Bg2 0-0 6. 0-0 b6 7. Ne5 Bb7 8. Nc3 Nbd7 9. Bf4 c5 10. cxd5 Nxd5 11. Nxd5 exd5 12. Rc1 Nxe5 13. Bxe5 Qd7 14. dxc5 bxc5 15. e3 Qe6 16. Bc3 Rad8 17. Qa4 Bc6 18. Qa6 Rd7 19. Rfd1 Rb8 20. Bd4 c4 21. b3 Bb5 22. Qa5 cxb3 23. axb3 h5 24. Rc2 h4 25. Bxa7 Rbb7 26. Bd4 h3 27. Bh1 Kh7 28. Qa8 Bc6 29. Rdc1 Rd8 30. Qa6 1-0

[Event "Hollywood Classic 3rd"]
[Site "Los Angeles"]
[Date "2022.08.07"]
[Round "9"]
[White "Batchuluun, Tsegmed"]
[Black "Woodward, Andy"]
[Result "1-0"]
[WhiteElo "2505"]
[BlackElo "2475"]
[PlyCount "139"]
[EventDate "2022.08.03"]
[EventType "swiss"]
[EventRounds "9"]
[EventCountry "USA"]
[SourceTitle "CBM 209 Extra"]
[Source "ChessBase"]
[SourceDate "2022.09.30"]
[SourceVersion "1"]
[SourceVersionDate "2022.09.30"]
[SourceQuality "1"]

1. d4 Nf6 2. c4 g6 3. Nc3 d5 4. cxd5 Nxd5 5. e4 Nxc3 6. bxc3 Bg7 7. Nf3 c5 8. Be3 Qa5 9. Qd2 Nc6 10. Rb1 cxd4 11. cxd4 Qxd2+ 12. Kxd2 0-0 13. Bd3 Rd8 14. d5 Na5 15. Ke2 b6 16. Bg5 f6 17. Bd2 f5 18. exf5 Rxd5 19. fxg6 hxg6 20. Rhc1 Rxd3 21. Kxd3 Bf5+ 22. Ke2 Bxb1 23. Rxb1 Nc4 24. Be1 Rd8 25. Rc1 b5 26. a4 a6 27. axb5 axb5 28. Bc3 Bf6 29. Nd2 Bxc3 30. Nxc4 b4 31. Rb1 Rd5 32. Ke3 g5 33. Nb2 Rd6 34. Na4 Bd2+ 35. Ke2 Rd4 36. Rd1 b3 37. Rxd2 Rxa4 38. Kd3 Kf7 39. Rb2 Ra2 40. Kc3 Ra1 41. Kxb3 g4 42. Kc3 Rg1 43. g3 Rg2 44. Kd3 Rxh2 45. Ke4 Kf6 46. Kf4 e6 47. Kxg4 Rh1 48. f4 Rh8 49. Rb5 Ra8 50. Kh4 Ra4 51. Rh5 Ra1 52. Kg4 Kg6 53. Rc5 Kf6 54. Rc3 Kg6 55. Kf3 Kf6 56. g4 Re1 57. Rc6 Rf1+ 58. Kg3 Rg1+ 59. Kh3 Kf7 60. Kh4 Ra1 61. Kg5 Ra4 62. Rc7+ Kf8 63. Rh7 Kg8 64. Re7 Re4 65. Kg6 Kf8 66. Rf7+ Kg8 67. g5 Re1 68. Ra7 Kf8 69. Kf6 Ke8 70. g6 1-0